000 01571nam a2200301 i 4500
001 159091
003 ES-MaACL
005 20250822235426.0
008 931025s1791 sp |||| | spa d
040 _aCARM
_bspa
_cPAB
100 1 _aMasdéu, Juan Francisco,
_d1744-1817
_9129694
245 1 0 _aHistoria critica de España, y de la cultura española /
_cobra compuesta en las dos lenguas italiana y castellana por D. Juan Francisco de Masdeu ... ; tomo IX, España goda ; libro I, Coleccion preliminar de lápidas y medallas del tiempo de los godos y arabes.
260 _aEn Madrid :
_ben la imprenta de Sancha :
_bse hallará en su libreria en la Aduana Vieja,
_c1791.
300 _a[8], XXIV, 506, [1] p., [1] p. en bl. ;
_c21 cm.
500 _aEncabezamiento completado con Aguilar, V, p. 530 y prelim. del tomo IX, libro I.
546 _aEn tomo I, p. 12 consta que es traducción del italiano.
546 _aSegún Palau (157062), no se trata de una traducción sino que el autor la dió a luz en lengua castellana.
597 _aSign.: []4, 2[sol]4,3[sol]4, 4[sol]4, A-Z4, 2A-2Z4, 3A-3R4, 3S3.
597 _aAntep.
597 _aTexto con apostillas marginales y notas a pie de pág.
650 7 _aMedallas antiguas
_2embne
_9136477
650 4 _aMonumentos funerarios-
_zEspaña.
_9136536
650 4 _aInscripciones-
_zEspaña.
_9136296
651 7 _aEspaña-
_xHistoria-
_y0414-0711, Época visigoda
_2
_9162046
852 _aES-MaACL
_jR-270-89
_z-- Enc. pasta
_x Olim: C-44-63
999 _c159091
_d159091